[Event "C'Chartres Blitz op April"]
[Site "Europe Echecs INT"]
[Date "2021.04.10"]
[Round "3"]
[White "Caubin, Frederic"]
[Black "Heem, Alice"]
[Result "0-1"]
[WhiteElo "1781"]
[BlackElo "1113"]
[PlyCount "54"]
[EventDate "2021.04.10"]
[EventType "swiss (blitz)"]
[EventRounds "11"]
[EventCountry "FRA"]
[SourceTitle "CBM 201 Extra"]
[Source "ChessBase"]
[SourceDate "2021.05.31"]
[SourceVersion "1"]
[SourceVersionDate "2021.05.31"]
[SourceQuality "1"]

1. e4 c5 2. Nf3 g6 3. d4 cxd4 4. Nxd4 Bg7 5. c3 Nc6 6. Be3 Nf6 7. Bd3 0-0 8. 0-0 d6 9. h3 Bd7 10. Nd2 Qc7 11. N2f3 Rac8 12. Rc1 Rfe8 13. Bb1 Nxd4 14. Nxd4 h6 15. Qd2 Kh7 16. f4 b6 17. f5 Qb7 18. fxg6+ fxg6 19. e5 dxe5 20. Qd3 e4 21. Qe2 Rf8 22. Rf4 e5 23. Rh4 exd4 24. Bxd4 Qd5 25. Rd1 Qf5 26. Bxf6 Qxf6 27. Bxe4 Qxh4 0-1

[Event "Cappelle Online (Women) op"]
[Site "Europe Echecs INT"]
[Date "2021.03.08"]
[Round "1"]
[White "Mar, Karmen"]
[Black "Heem, Alice"]
[Result "1-0"]
[WhiteElo "2093"]
[BlackElo "1113"]
[PlyCount "43"]
[EventDate "2021.03.08"]
[EventType "swiss (blitz)"]
[EventRounds "11"]
[EventCountry "FRA"]
[SourceTitle "CBM 201 Extra"]
[Source "ChessBase"]
[SourceDate "2021.05.31"]
[SourceVersion "1"]
[SourceVersionDate "2021.05.31"]
[SourceQuality "1"]

1. e4 c5 2. Nf3 g6 3. d4 cxd4 4. Qxd4 Nf6 5. Bb5 Bg7 6. e5 Qa5+ 7. Nc3 Ng8 8. Bd2 Qb6 9. Qd3 e6 10. Ne4 Ne7 11. Nd6+ Kf8 12. Ng5 Bxe5 13. Ngxf7 Bxd6 14. Nxd6 a6 15. Bc4 Qxb2 16. Bc3 Qb6 17. Bxh8 Kg8 18. Bc3 Nbc6 19. 0-0 Nf5 20. Nxf5 gxf5 21. Qxf5 Qd8 22. Qg4+ 1-0

[Event "Cappelle Online Blitz op"]
[Site "Europe Echecs INT"]
[Date "2021.03.07"]
[Round "1"]
[White "Briand, Amaury"]
[Black "Heem, Alice"]
[Result "1-0"]
[WhiteElo "2014"]
[BlackElo "1113"]
[PlyCount "117"]
[EventDate "2021.03.07"]
[EventType "swiss (blitz)"]
[EventRounds "11"]
[EventCountry "FRA"]
[SourceTitle "CBM 201 Extra"]
[Source "ChessBase"]
[SourceDate "2021.05.31"]
[SourceVersion "1"]
[SourceVersionDate "2021.05.31"]
[SourceQuality "1"]

1. e4 c5 2. Nf3 g6 3. d4 cxd4 4. Nxd4 Bg7 5. Nc3 Nc6 6. Be3 Qa5 7. Qd2 Nf6 8. f3 Nxd4 9. Bxd4 Qb4 10. Nb5 Qxd2+ 11. Kxd2 Kf8 12. Bc4 b6 13. e5 Ne8 14. Bd5 Rb8 15. Nxa7 d6 16. Nxc8 Rxc8 17. Bc3 dxe5 18. Rhe1 Rc5 19. Bb3 Nd6 20. f4 exf4 21. Bxg7+ Kxg7 22. Rxe7 Re8 23. Rxe8 Nxe8 24. Re1 Nf6 25. Re7 Rg5 26. Rxf7+ Kh6 27. Rxf6 Rxg2+ 28. Kc3 Rxh2 29. Rxf4 Rh3+ 30. Kb4 g5 31. Rf6+ Kg7 32. Rxb6 g4 33. Re6 g3 34. Re1 g2 35. Rg1 Rh2 36. Bd5 Kg6 37. Rxg2+ Rxg2 38. Bxg2 Kg5 39. a4 h5 40. a5 h4 41. a6 Kg4 42. a7 Kg3 43. Bc6 h3 44. a8Q h2 45. Qh8 h1Q 46. Qxh1 Kg4 47. Qf3+ Kg5 48. Kc4 Kg6 49. Ba4 Kg7 50. Bb3 Kg6 51. Ba2 Kg7 52. Bb1 Kg8 53. Kd5 Kg7 54. Ke6 Kg6 55. Qf6+ Kh5 56. Qg7 Kh4 57. Kf5 Kh3 58. Kf4 Kh2 59. Kf3 1-0

[Event "Cappelle Online Blitz op"]
[Site "Europe Echecs INT"]
[Date "2021.03.07"]
[Round "4"]
[White "Heem, Alice"]
[Black "Cahen, Alexis"]
[Result "0-1"]
[WhiteElo "1113"]
[BlackElo "2140"]
[PlyCount "28"]
[EventDate "2021.03.07"]
[EventType "swiss (blitz)"]
[EventRounds "11"]
[EventCountry "FRA"]
[SourceTitle "CBM 201 Extra"]
[Source "ChessBase"]
[SourceDate "2021.05.31"]
[SourceVersion "1"]
[SourceVersionDate "2021.05.31"]
[SourceQuality "1"]

1. e4 c5 2. Nf3 d6 3. d4 cxd4 4. Nxd4 Nf6 5. Nc3 g6 6. Bg5 Bg7 7. h3 Nc6 8. Nxc6 bxc6 9. Qd2 0-0 10. Bh6 Be6 11. 0-0-0 Qa5 12. Kb1 Nxe4 13. Nxe4 Qxa2+ 14. Kc1 Qa1# 0-1

[Event "Trophee Roza Lallemand Online"]
[Site "Tornelo INT"]
[Date "2020.12.13"]
[Round "3"]
[White "Heem, Alice"]
[Black "Fesigny, Oceane"]
[Result "0-1"]
[WhiteElo "1113"]
[BlackElo "1471"]
[PlyCount "108"]
[EventDate "2020.12.13"]
[EventType "swiss (rapid)"]
[EventRounds "9"]
[EventCountry "USA"]
[SourceTitle "EXT 2022"]
[Source "ChessBase"]
[SourceDate "2021.10.06"]
[SourceVersion "1"]
[SourceVersionDate "2021.10.06"]
[SourceQuality "1"]

1. e4 e5 2. Nf3 Nc6 3. d4 exd4 4. Nxd4 Bc5 5. Nb3 Bb6 6. Nc3 d6 7. Bf4 Nf6 8. Qd2 Be6 9. Bb5 Bd7 10. 0-0-0 Qe7 11. f3 0-0-0 12. Nd5 Nxd5 13. exd5 Ne5 14. Bxd7+ Nxd7 15. Bg5 f6 16. Bf4 Rde8 17. Rhe1 Qf7 18. Qc3 Rxe1 19. Qxe1 Re8 20. Qc3 Qg6 21. Bxd6 Qxg2 22. a4 Kb8 23. Bg3 Re3 24. Qc4 Ne5 25. Qb4 a5 26. Nxa5 Re2 27. Rd2 Rxd2 28. Qxd2 Qxd2+ 29. Kxd2 Bxa5+ 30. c3 Nxf3+ 31. Kd3 Ng5 32. c4 Bb6 33. b4 Kc8 34. c5 Ba7 35. d6 cxd6 36. cxd6 Kd7 37. Kc4 Ne4 38. Bf4 Nxd6+ 39. Bxd6 Kxd6 40. a5 b6 41. Kb5 bxa5 42. bxa5 g5 43. Ka6 Bf2 44. Kb7 f5 45. a6 f4 46. a7 Bxa7 47. Kxa7 g4 48. h3 gxh3 49. Ka8 h2 50. Kb8 h1Q 51. Kc8 f3 52. Kd8 f2 53. Ke8 f1Q 54. Kd8 Qf8# 0-1